Core Java Volume I--Fundamentals
| Egile nagusia: | |
|---|---|
| Formatua: | Ezezaguna |
| Argitaratua: |
Prentice Hall
2019
|
| Edizioa: | 11th ed. |
| LEADER | 00228 a2200097 4500 | ||
|---|---|---|---|
| 020 | |a 9780135166307 | ||
| 100 | |a Cay S. Horstmann | ||
| 245 | |a Core Java Volume I--Fundamentals | ||
| 250 | |a 11th ed. | ||
| 260 | |b Prentice Hall |c 2019 | ||
| 999 | |c 41023 |d 41023 | ||